000 00691nam a2200181Ia 4500
008 100921s9999 xx 000 0 und d
082 _b20724
_a550 थ 87
100 _aबेहरे ग.वा.
245 _aनिसर्गयात्रा.
260 _bरविराज प्रकाशन, पुणे.
_c1987
300 _a182
_bगणेश वितरण,पुणे
365 _b60
520 _aविज्ञान-भौमिक शास्त्रे.
630 _aनिसर्गयात्रा.
650 _aविज्ञान-भौमिक शास्त्रे.
730 _aनिसर्गयात्रा.
942 _cBOOK
999 _c769837
_d769834